| 000 | 00368nam a2200157Ia 4500 | ||
|---|---|---|---|
| 008 | 230605s1999 xx 000 0 und d | ||
| 041 | _aeng | ||
| 100 | _aFrance | ||
| 245 | _aDine with Europes Meat & Poultry | ||
| 260 |
_bKonemann Pub Bonner _c1999 _c1999 |
||
| 300 | _a239 | ||
| 365 |
_b1196 _h20 |
||
| 500 | _a71 | ||
| 520 | _aReference Copy | ||
| 650 | _aF. P. | ||
| 999 |
_c417964 _d417964 |
||